Rizikový kapitál a ČR – antonyma nebo homonyma?
Rizikový a rozvojový kapitál v Českej republike. Analýza súčasného stavu. Pohľad na strednú a východnú Európu.
Enregistré dans:
| Auteur principal: | |
|---|---|
| Format: | Chapitre de livre |
| Langue: | tchèque |
| Sujets: | |
| Tags: |
Pas de tags, Soyez le premier à ajouter un tag!
|
MARC
| LEADER | 00000nla$a2200000$$$4500 | ||
|---|---|---|---|
| 001 | 0102973 | ||
| 005 | 20220719100040.2 | ||
| 041 | 0 | |a cze | |
| 044 | |a SK | ||
| 245 | 1 | 0 | |a Rizikový kapitál a ČR – antonyma nebo homonyma? |c Helena Doláková |
| 520 | |a Rizikový a rozvojový kapitál v Českej republike. Analýza súčasného stavu. Pohľad na strednú a východnú Európu. | ||
| 610 | 2 | 0 | |a kapitál rizikový |
| 610 | 2 | 0 | |a kapitál rozvojový |
| 610 | 2 | 0 | |a investície |
| 610 | 2 | 0 | |a Česko |
| 610 | 2 | 0 | |a stredná Európa |
| 610 | 2 | 0 | |a východná Európa |
| 100 | 1 | |a Doláková, Helena | |